| 000 | 00496nam a2200169Ia 4500 | ||
|---|---|---|---|
| 003 | 3228 | ||
| 005 | 20250703091111.0 | ||
| 008 | 210817s9999 xx e 000 1 AFR d | ||
| 020 |
_a0624033228 _qPaperback (pbk) |
||
| 040 |
_aRDA _c3228 |
||
| 082 | _aAF DEKO | ||
| 100 |
_a DE KOCK, Helene Kaapstad, 1990 _914359 |
||
| 245 | 0 |
_aMan van kaliber / _cHelene de Kock; Omslagillustrasie: Teresa Williams |
|
| 260 |
_aKaapstad _bTafelberg _c1994 |
||
| 300 |
_a122 Pages; _c21 cm. |
||
| 942 |
_cBK _2ddc _y245 _zIzakina Blanche |
||
| 999 |
_c215477 _d215476 |
||